LEADER 01173nam a2200301 i 4500 001 991003183499707536 005 20020509113630.0 008 000315s1971 it ||| | ita 035 $ab1112166x-39ule_inst 035 $aPARLA176665$9ExL 040 $aDip.to Scienze Storiche Fil. e Geogr.$bita 082 0 $a960 100 1 $aDavidson, Basil$0136838 245 10$aGuida alla storia africana /$cBasil Davidson ; traduzione di Enrica Casanova 260 $aBologna :$bZanichelli,$c1971 300 $a124 p. :$bill. ;$c21 cm. 490 0 $aIntroduzione alla storia ;$v4 500 $aTit. orig.: Guide to African history. 651 4$aAfrica$xStoria 700 1 $aCasanova, Antonio G. 740 0 $aGuide to African history 907 $a.b1112166x$b23-02-17$c28-06-02 912 $a991003183499707536 945 $aLE002 St. XII A 20$g1$i2002000700285$lle002$o-$pE0.00$q-$rl$s- $t0$u0$v0$w0$x0$y.i10512950$z27-06-02 945 $aLE009 STOR.93-49$g1$i2009000398962$lle009$o-$pE0.00$q-$rl$s- $t0$u0$v0$w0$x0$y.i11259504$z28-06-02 996 $aGuide to African history$949491 997 $aUNISALENTO 998 $ale002$ale009$b01-01-00$cm$da $e-$fita$git $h0$i2